00513nam a2200193Ia 4500003000400000005001700004008004100021020002200062040000700084041000800091082001600099100002500115245004800140260005800188300001700246365001400263650002100277650002100298OSt20230620095610.0210423s2014 xx 000 0 und d a978-81-269-1875-1 cAL aeng a610.28 VARN aVARGHESE (Thomas) Ed aNanotechnology for biochemical applications aNew DelhibAtlantic Publishers and Distributorsc2014 axvii,308bHB b1495cINR aMedical Sciences aMedical Sciences